<?xml version="1.0" encoding="UTF-8"?>
<record
    xmlns:xsi="http://www.w3.org/2001/XMLSchema-instance"
    xsi:schemaLocation="http://www.loc.gov/MARC21/slim http://www.loc.gov/standards/marcxml/schema/MARC21slim.xsd"
    xmlns="http://www.loc.gov/MARC21/slim">

  <leader>00204nam a22000857a 4500</leader>
  <controlfield tag="001">1235350</controlfield>
  <controlfield tag="005">20250930125632.0</controlfield>
  <datafield tag="245" ind1=" " ind2=" ">
    <subfield code="a">HAYAL KIZ </subfield>
    <subfield code="c">LEYLA RUHAB OKYAY</subfield>
  </datafield>
  <datafield tag="260" ind1=" " ind2=" ">
    <subfield code="b">G&#xDC;NI&#x15E;I&#x11E;I K&#x130;TAPLI&#x11E;I YAYINLARI</subfield>
  </datafield>
  <datafield tag="999" ind1=" " ind2=" ">
    <subfield code="c">1235350</subfield>
    <subfield code="d">1235350</subfield>
  </datafield>
  <datafield tag="952" ind1=" " ind2=" ">
    <subfield code="0">0</subfield>
    <subfield code="1">0</subfield>
    <subfield code="2">ddc</subfield>
    <subfield code="4">0</subfield>
    <subfield code="7">0</subfield>
    <subfield code="a">1028</subfield>
    <subfield code="b">1028</subfield>
    <subfield code="d">2025-09-30</subfield>
    <subfield code="l">1</subfield>
    <subfield code="p">10287121</subfield>
    <subfield code="r">2025-10-24 09:41:23</subfield>
    <subfield code="s">2025-10-17</subfield>
    <subfield code="w">2025-09-30</subfield>
    <subfield code="y">BK</subfield>
  </datafield>
</record>
